Bangladesh : (Record no. 59727)
[ view plain ]
| 000 -LEADER | |
|---|---|
| fixed length control field | 01350nam a22002897a 4500 |
| 001 - CONTROL NUMBER | |
| control field | 59727 |
| 003 - CONTROL NUMBER IDENTIFIER | |
| rucl marc code | BD-RjUL |
| 005 - DATE AND TIME OF LATEST TRANSACTION | |
| control field | 20211209080749.0 |
| 008 - FIXED-LENGTH DATA ELEMENTS--GENERAL INFORMATION | |
| fixed length control field | 161227s1996 at a|||| |||| 00| 0 eng d |
| 020 ## - INTERNATIONAL STANDARD BOOK NUMBER | |
| International Standard Book Number | 0909260575 |
| 035 ## - SYSTEM CONTROL NUMBER | |
| System control number | (BD-RjUL)59851 |
| 040 ## - CATALOGING SOURCE | |
| Original cataloging agency | BD-RjUL |
| Language of cataloging | eng |
| Transcribing agency | BD-RjUL |
| 041 ## - LANGUAGE CODE | |
| Language code of text/sound track or separate title | eng |
| 082 ## - DEWEY DECIMAL CLASSIFICATION NUMBER | |
| Edition number | 23 |
| Classification number | 338.095492 |
| Author mark and year | BAN 1996 |
| 245 ## - TITLE STATEMENT | |
| Title | Bangladesh : |
| Remainder of title | economy, people and the environment : proceedings of the conference held on 10 June 1996 at The University of Queensland, and jointly sponsored by the Bangladesh Community in Brisbane the the Dept. of Economics, the University of Queensland / |
| Statement of responsibility, etc. | edited by Mohammad Alauddinand Samiul Hasan ; C. A.Tisdell ; University of Queensland. Department of Economics. |
| 260 ## - PUBLICATION, DISTRIBUTION, ETC. (IMPRINT) | |
| Place of publication, distribution, etc. | Brisbane, Qld., Australia : |
| Name of publisher, distributor, etc. | University of Queensland, |
| Date of publication, distribution, etc. | 1996. |
| 300 ## - PHYSICAL DESCRIPTION | |
| Pagination | xx, 402 p. : |
| Illustrations | ill. ; |
| Size | 23 cm. |
| 490 ## - SERIES STATEMENT | |
| Series statement | Economics conferences monograph series, |
| Volume/sequential designation | 1. |
| 650 ## - SUBJECT ADDED ENTRY--TOPICAL TERM | |
| Topical term or geographic name as entry element | Economic policy |
| Geographic subdivision | Bangladesh |
| 9 (RLIN) | 177716 |
| General subdivision | Congresses. |
| Topical term or geographic name as entry element | Politics and government |
| Geographic subdivision | Bangladesh |
| Chronological subdivision | 1971 |
| 9 (RLIN) | 177717 |
| Topical term or geographic name as entry element | Environmental policy |
| Geographic subdivision | Bangladesh |
| 9 (RLIN) | 177718 |
| 700 ## - ADDED ENTRY--PERSONAL NAME | |
| Personal name | Mohammad, Alauddin. |
| Personal name | Hasan, Samiul. |
| 710 ## - ADDED ENTRY--CORPORATE NAME | |
| Corporate name or jurisdiction name as entry element | University of Queensland. |
| Subordinate unit | Department of Economics |
| 9 (RLIN) | 177721 |
| 830 ## - SERIES ADDED ENTRY--UNIFORM TITLE | |
| Uniform title | Economics conferences monograph series, |
| Volume number/sequential designation | 1. |
| 942 ## - ADDED ENTRY ELEMENTS (KOHA) | |
| Source of classification or shelving scheme | Dewey Decimal Classification |
| Koha item type | Books |
| Lost status | Source of classification or shelving scheme | Damaged status | Not for loan | Collection code | Permanent Location | Current Location | Shelving location | Date acquired | Source of acquisition | Total Checkouts | Full call number | Date last seen | Copy number | Koha item type |
|---|---|---|---|---|---|---|---|---|---|---|---|---|---|---|
| Dewey Decimal Classification | Not For Loan | Non-fiction | Central Library, University of Rajshahi | Central Library, University of Rajshahi | Reading Room | 03/07/1999 | Author | 338.095492 BAN 1996 | 27/12/2016 | C-1 | Books |